Discurso de inauguración del Presidente de CODEHUCA

Αποθηκεύτηκε σε:
Λεπτομέρειες βιβλιογραφικής εγγραφής
Κύριος συγγραφέας: López, Ramón Custodio
Συγγραφή απο Οργανισμό/Αρχή: CODEHUCA
Μορφή: Κείμενο
Έκδοση: San José: CODEHUCA
Ετικέτες: Προσθήκη ετικέτας
Δεν υπάρχουν, Καταχωρήστε ετικέτα πρώτοι!

MARC

LEADER 00000 a a2200000 04500
001 21748
003
040
090 |a 097400  
100 |a López, Ramón Custodio  
110 |a CODEHUCA  
245 |a Discurso de inauguración del Presidente de CODEHUCA  
260 |a San José:   |b CODEHUCA  
300 |a 11 p.  
999 |c 16373  |d 16373